Southville International School and Colleges
Your cart is empty.
  • Cart
  • Lists
    Public lists Eva Luna New books Lux_list list_1
    Your lists Log in to create your own lists
  • Log in to your account
  • Your cookies
  • Search history
Southville International School and Colleges
  • Advanced search
  • Recent comments
  • Most popular
  • Libraries

Log in to your account

Log in with GOOGLE


If you do not have an external account, but do have a local account, you can still log in:

  1. Home
  2. MARC view: Computer magic /
Normal view MARC view ISBD view

Computer magic / (Record no. 103013)

[ view plain ]
MARC details
000 -LEADER
fixed length control field 00571nam a2200181 a 4500
005 - DATE AND TIME OF LATEST TRANSACTION
control field 20140412111248.0
008 - FIXED-LENGTH DATA ELEMENTS--GENERAL INFORMATION
fixed length control field 001117s19uu xx 00 eng d
020 ## - INTERNATIONAL STANDARD BOOK NUMBER
International Standard Book Number 0-86576-067-5
050 ## - LIBRARY OF CONGRESS CALL NUMBER
Classification number M 001.64
Item number P44 1985
100 ## - MAIN ENTRY--PERSONAL NAME
Personal name Petit, Jean Pierre
245 ## - TITLE STATEMENT
Title Computer magic /
Statement of responsibility, etc Jean-Pierre Petit; translated by Lan Stewart.
260 ## - PUBLICATION, DISTRIBUTION, ETC. (IMPRINT)
Place of publication, distribution, etc Los Altos, CA :
Name of publisher, distributor, etc William Kaufmann, Inc,
Date of publication, distribution, etc [n.d.]
300 ## - PHYSICAL DESCRIPTION
Extent 71 p.
440 ## - SERIES STATEMENT/ADDED ENTRY--TITLE
Title The Adventures of Archilbald Higgins Series
650 ## - SUBJECT ADDED ENTRY--TOPICAL TERM
Topical term or geographic name as entry element Computer -- Cartoons and comics
650 ## - SUBJECT ADDED ENTRY--TOPICAL TERM
Topical term or geographic name as entry element Cartoons and comics
Holdings
Withdrawn status Lost status Damaged status Use restrictions Home library Current library Shelving location Date acquired Source of acquisition Total Checkouts Full call number Barcode Date last seen Price effective from Koha item type
        Elizalde Library Elizalde Library Main Section 11/17/2000     M 001.64 P44 1985 E3630 04/12/2014 04/12/2014 Books

Computer magic /

APA

Petit J. P., .Computer magic. Los Altos, CA: William Kaufmann, Inc.

Chicago

Petit Jean Pierre, .Computer magic. Los Altos, CA: William Kaufmann, Inc.

Harvard

Petit J. P., .Computer magic. Los Altos, CA: William Kaufmann, Inc.

MLA

Petit Jean Pierre, .Los Altos, CA: William Kaufmann, Inc. .

  • Place hold
  • Print
  • Cite
  • Add to your cart (remove)
  • Save record
    BIBTEX Dublin Core MARCXML MARC (non-Unicode/MARC-8) MARC (Unicode/UTF-8) MARC (Unicode/UTF-8, Standard) MODS (XML) RIS
  • More searches
    Search for this title in:
    Other Libraries (WorldCat) Other Databases (Google Scholar) Online Stores (Bookfinder.com) Open Library (openlibrary.org)

Exporting to Dublin Core...

SOUTHVILLE LIBRARY

Southville International School and Colleges Library

1281 Tropical Ave. Cor. Luxembourg St., BF Homes International, Las Pinas City

Tel. No. 8256374 / 252358 Loc. 117/146

Powered by Koha